|
|
|
|
| LEADER |
00000nam0a2200000 4500 |
| 001 |
136499 |
| 005 |
20231031140540.0 |
| 035 |
|
|
|a (RuTPU)RU\TPU\book\147939
|
| 090 |
|
|
|a 136499
|
| 100 |
|
|
|a 20080423d1972 m y0rusy50 ca
|
| 101 |
0 |
|
|a rus
|
| 102 |
|
|
|a RU
|
| 105 |
|
|
|a a z 001zy
|
| 200 |
1 |
|
|a Котельные установки малой и средней мощности
|e учебное пособие
|e альбом
|f Е. А. Яконовский
|
| 210 |
|
|
|a Москва
|c Высшая школа
|d 1972
|
| 215 |
|
|
|a 144 с.
|c ил.
|
| 320 |
|
|
|a Библиогр.: с. 142.
|
| 610 |
1 |
|
|a котельные установки
|
| 610 |
1 |
|
|a паровые котлы
|
| 610 |
1 |
|
|a водогрейные котлы
|
| 610 |
1 |
|
|a топки
|
| 610 |
1 |
|
|a газ
|
| 610 |
1 |
|
|a сжигание
|
| 610 |
1 |
|
|a насосы
|
| 610 |
1 |
|
|a водоподготовка
|
| 675 |
|
|
|a 621.18(075.8)
|v 3
|
| 700 |
|
1 |
|a Яконовский
|b Е. А.
|g Евгений Андреевич
|
| 801 |
|
1 |
|a RU
|b 63413507
|c 20080423
|g PSBO
|
| 801 |
|
2 |
|a RU
|b 63413507
|c 20090505
|g PSBO
|
| 942 |
|
|
|c BK
|